000 00470nam a2200169Ia 4500
003 GCL
008 140319s9999 xx 000 0 ara d
040 _aGCL /
_cGCL
082 0 4 _aص ا
100 1 _aصلاح عبدالصبور
245 1 0 _aالاميرة تنتظر: مسرحية شعرية /
_cصلاح عبدالصبور
300 _a59 ص
490 _a
650 0 4 _aالادب العربى
650 0 4 _aالمسرحيات العربية
942 _2ddc
_cBK
999 _c45200
_d45200